Patterns in the distributions of species and the selection of natural reserves: an example from eucalyptus forests in south-eastern New South Wales (Registro nro. 12062)

Detalles MARC
000 -CABECERA
Campo de control 007140000a22001930004500
090 ## - CLASIFICACIÓN LOCAL
Colección AR
Consecutivo 03005
041 0# - IDIOMA
Código de idioma para texto/pista de sonido o título separado
100 1# - ASIENTO PRINCIPAL--NOMBRE PERSONAL
Nombre personal Margules, Chris R.
245 10 - MENCION DE TITULO
Título Patterns in the distributions of species and the selection of natural reserves: an example from eucalyptus forests in south-eastern New South Wales
650 14 - ASIENTO SECUNDARIO DE MATERIA - TERMINO TEMATICO
Término temático o nombre geográfico como elemento de entrada Biogeografía
650 14 - ASIENTO SECUNDARIO DE MATERIA - TERMINO TEMATICO
Término temático o nombre geográfico como elemento de entrada Areas protegidas
650 14 - ASIENTO SECUNDARIO DE MATERIA - TERMINO TEMATICO
Término temático o nombre geográfico como elemento de entrada Selección de áreas protegidas
650 14 - ASIENTO SECUNDARIO DE MATERIA - TERMINO TEMATICO
Término temático o nombre geográfico como elemento de entrada Reservas forestales
650 14 - ASIENTO SECUNDARIO DE MATERIA - TERMINO TEMATICO
Término temático o nombre geográfico como elemento de entrada Biología de la conservación
651 #4 - ASIENTO SECUNDARIO DE MATERIA - NOMBRE GEOGRAFICO
-- Nueva Gales del Sur
-- Australia
700 1# - ASIENTO SECUNDARIO - NOMBRE PERSONAL
Nombre personal Stein, J. L.
773 1# - Item fuente:
Título Biological Conservation
Especificación de materiales 147
Paginas del Articulo 219-238
Lugar, editorial y fecha de publicación 1989
Información sobre la relación 50
942 ## - ELEMENTOS ADICIONALES (KOHA)
Tipo de ítem Artículo
Existencias
Withdrawn status Lost status Damaged status No para préstamo Colección Ubicación Permanente Ubicación actual Fecha de adquisición Datos de publicación Seriada Total Checkouts Número topográfico Inventario / Código de Barras Date last seen Ejemplar Price effective from Forma de adquisición Tipo de material
      No para Préstamo Hemeroteca Bogotá Bogotá 27/02/2015 Fuera de circulación   AR 03005 013501 25/03/2015 1 25/03/2015   Artículo